Michael Scott Responses Quiz Stats

 Plays Quiz not verified by Sporcle

Score 0/20 Timer 10:00
0 Plays Today
Hint Answer % Correct
Kevin: 'Why did you get it so big?'That's what she said
94.9%
Jim: 'Instead you screwed me.'That's what she said
94.9%
Holly: 'Don't make it harder than it needs to be.'That's what she said
94.1%
Jim: 'No thanks, I'm good.'That's what she said
93.7%
Dwight: 'Force it in as deep as you can.'That's what she said
93.7%
Jim: 'It's gonna be tight.'That's what she said
93.7%
Angela: 'You already did me.'That's what she said
93.3%
Jan: 'I can't stay on top of you 24/7.'That's what she said
93.3%
Lawyer: 'And you were directly under her the entire time?'That's what she said
93.3%
Jan: 'Well, you are hardly my first!'That's what she said
93.3%
Hint Answer % Correct
Jim: 'Put it away.'That's what she said
93.3%
Dwight: 'Michael, I can't believe you came.'That's what she said
93.3%
Pam: 'My mother's coming.'That's what she said
92.9%
Jim: 'Wow, that is really hard.' 'You really think you can go all day long?' 'Well, you always left me satisfied and smiling...'That's what she said
92.9%
Oscar: 'You should put butter on it.'That's what she said
92.9%
Holly: 'It was easy to get in but impossible to rise up.'That's what she said
92.9%
Darryl: 'You need to get back on top.'That's what she said
92.9%
Gabe: 'Michael, you're making this harder than it has to be.'That's what she said
92.9%
Jan: 'Let's just blow this party off.'That's what she said
92.5%
Dwight:'Hold it in your mouth if you can't swallow.'That's what she said
92.5%

You're not logged in!

Compare scores with friends on all Sporcle quizzes.
OR
Log In

Sporcle TV

Today on Sporcle TV


Watch our educational content, quiz creation guides, and fun videos on Sporcle TV.

Show Comments

Extras

Top Quizzes Today


Score Distribution

Your Account Isn't Verified!

In order to create a playlist on Sporcle, you need to verify the email address you used during registration. Go to your Sporcle Settings to finish the process.

Report this User

Report this user for behavior that violates our Community Guidelines.

Details: